Matematika pre 3. ročník špeciálnych základných škôl 2. časť

Podrobná bibliografia
Hlavný autor: Rýglová, Janka (Autor)
Ďalší autori: Kováčik, Ivan (Ilustrátor)
Médium: Kniha
Jazyk:slovenčina
PhysicalDescription:96 s. ilustr. (prevažne fareb.) 29 cm
Vydavateľské údaje: Bratislava Slovenské pedagogické nakladateľstvo 2005
ISBN:8010006947
Vydanie:5. vyd.
Predmet:

MARC

LEADER 00000nam a2200000 a 4500
001 vtls001521110
003 SK-MaSNL
005 20260301204151.0
008 240314s2005 xo a c p 000 0 slo
015 |a SNBA2005/05-01887 
020 |a 8010006947  |q (brož.) 
035 |a 09BA9882-37C0-432F-A7A2-BE1BE64E72E4 
035 |a urn:nbn:sk:snk-amksox 
035 |a urn:nbn:sk:snk-am0057v1 
040 |a SNK  |b slo  |c SNK  |e AACR2 
041 0 |a slo 
044 |a xo  |c SK 
072 7 |a 51  |x Matematika  |2 konspekt 
080 |a (075.2)  |2 1997 
080 |a 51  |2 1997 
100 1 |a Rýglová, Janka  |4 aut  |9 46633 
245 1 0 |a Matematika pre 3. ročník špeciálnych základných škôl  |c [autorka Janka Rýglová ; ilustrácie Ivan Kováčik]  |n 2. časť 
250 |a 5. vyd. 
260 |a Bratislava  |b Slovenské pedagogické nakladateľstvo  |c 2005 
300 |a 96 s.  |b ilustr. (prevažne fareb.)  |c 29 cm 
500 |a Názov z obalu 
650 0 7 |a matematika  |2 SNKPH  |9 70174 
655 7 |a učebnice špeciálnych základných škôl  |2 SNKPH  |9 70204 
700 1 |a Kováčik, Ivan  |4 ill  |9 6562 
919 |a 80-10-00694-7 
968 |d 37 
999 |c 905331  |d 907261 
952 |a SNK  |b SNK  |y PREZ  |7 0  |p 17A0461505  |o snkSB 69461/2  |i snk2005/4617  |8 0  |0 0  |1 0  |4 0  |d 2005-03-24  |l 0  |r 2025-04-23 00:00:00  |w 2026-02-24 
952 |a SNK  |b SNK  |y VYP  |7 0  |p 17A0461492  |o snkSB 69461/2 D1  |i snk2005/4618  |8 0  |0 0  |1 0  |4 0  |d 2005-03-24  |f 1  |l 0  |r 2026-02-24 07:26:45  |w 2026-02-24